000 00676nam a22001937i 4500
999 _c23326
_d23326
003 AR-CdUCM
008 250721b20242024 pe||||| |||| 00| 0 spa d
020 _a978-84-10244-04-7
040 _aMUNICIPALIDAD PROVINCIAL DEL CUSCO
_cBIBLIOTECA MUNICIPAL DEL CUSCO
041 _hspa
082 _a869.56 / G17
_bG17
100 _aGamarra Carrillo, Jaime
_951252
245 _aCelajes /
300 _a65 páginas. :
_c20x12 cm.
505 _aBelleza natural -- Inti Pachamama -- Sol y tierra -- A mi madre -- Acrósticos -- Allí estabas tu -- Hechizo de una cubana -- Se paralizó el tiempo
856 _fwww.operaprima.es
942 _2ddc
_cLIBROS
945 _apbjr
_d21-07-2025